An Ethical Modernity? : Hegel's Concept of Ethical Life Today /
An Ethical Modernity? investigates the relation between Hegel's doctrine of ethical life ( Sittlichkeit ) and modernity as a historical category and a philosophical concept. In this collection of essays, the authors analyze Hegel's theory of ethical life from various perspectives: social o...
مؤلفون آخرون: ,
التنسيق: كتاب الكتروني
اللغة: English
منشور في:
Leiden; Boston :
BRILL,
2020.
سلاسل:
Critical Studies in German Idealism ;
25.
Religious Studies, Theology and Philosophy E-Books Online, Collection 2020, ISBN: 9789004419094.
الموضوعات:
الوصول للمادة أونلاين: Login to view Source
الوسوم: إضافة وسم
رقم الطلب: B2948
| LEADER | 02666nam a22004931i 4500 | ||
|---|---|---|---|
| 001 | BRILL9789004432581 | ||
| 003 | nllekb | ||
| 005 | 20210602100213.0 | ||
| 006 | m d | ||
| 007 | cr un uuuua | ||
| 008 | 200407s2020 ne sb 001 0 eng d | ||
| 020 | |a 9789004432581 |q (electronic book) | ||
| 020 | |a 9789004432574 |q (print) | ||
| 024 | 7 | |a 10.1163/9789004432581 |2 DOI | |
| 035 | |z (OCoLC)1154813814 | ||
| 040 | |a NL-LeKB |c NL-LeKB |e rda | ||
| 050 | 4 | |a B2948 | |
| 072 | 7 | |a HPQ |2 bicssc | |
| 072 | 7 | |a PHI |x 005000 |2 bisacsh | |
| 082 | 0 | 4 | |a 909.82 |2 23 |
| 245 | 0 | 3 | |a An Ethical Modernity? : |b Hegel's Concept of Ethical Life Today / |c Edited by Jiří Chotaš, Tereza Matějčková. |
| 246 | 3 | |a Hegel's Concept of Ethical Life Today | |
| 264 | 1 | |a Leiden; |a Boston : |b BRILL, |c 2020. | |
| 300 | |a 1 online resource. | ||
| 336 | |a text |b txt |2 rdacontent | ||
| 337 | |a computer |b c |2 rdamedia | ||
| 338 | |a online resource |2 rdacarrier | ||
| 490 | 1 | |a Critical Studies in German Idealism ; |v 25 | |
| 490 | 1 | |a Religious Studies, Theology and Philosophy E-Books Online, Collection 2020, ISBN: 9789004419094 | |
| 520 | |a An Ethical Modernity? investigates the relation between Hegel's doctrine of ethical life ( Sittlichkeit ) and modernity as a historical category and a philosophical concept. In this collection of essays, the authors analyze Hegel's theory of ethical life from various perspectives: social ontology, social practices and beliefs, theory of judgment, relations between Hegel's theory of ethical life and Kant's ethics, Hegel's philosophy of family, relation of the modern market to 'European values', the ethos of state and of international relations, and Hegel's metaphilosophical commitment to philosophy. This volume is of importance to anyone interested in how Hegel's practical philosophy relates to us and our times. | ||
| 588 | |a Description based on print version record. | ||
| 650 | 0 | |a Civilization, Modern |x Philosophy. | |
| 650 | 0 | |a History |x Philosophy. | |
| 650 | 0 | |a Political science |x Philosophy. | |
| 650 | 0 | |a Ethics. | |
| 700 | 1 | |a Chotaš, Jiří, |e editor. | |
| 700 | 1 | |a Matějčková, Tereza, |e editor. | |
| 776 | 0 | 8 | |i Print version: |t An Ethical Modernity? : Hegel's Concept of Ethical Life Today, |d Leiden Boston : BRILL, 2020 |w 9789004432574 |
| 830 | 0 | |a Critical Studies in German Idealism ; |v 25. | |
| 830 | 0 | |a Religious Studies, Theology and Philosophy E-Books Online, Collection 2020, ISBN: 9789004419094. | |
| 856 | 4 | |z DOI: |u http://dx.doi.org/10.1163/9789004432581 | |
| 942 | |c EBOOK | ||
| 952 | |0 0 |1 0 |4 0 |7 1 |9 13858 |a BRILL |b BRILL |d 2021-06-02 |l 0 |r 2021-06-02 00:00:00 |w 2021-06-02 |y EBOOK | ||
| 999 | |c 35309 |d 35309 | ||
